000 00520nam a2200181Ia 4500
005 20250508151800.0
008 008 250505s9999 xx 000 0 hin d
037 _aTextual
040 _aFEDL
_beng
_cFEDL
041 _ahin
_2hin
084 _a891.433, KIC
_qFEDL
100 _aKichalu Ram Prasad
_9759979
245 0 _aHindi gadya manjari
260 _aAllahabad, India
_bRam Narayan Lal Publishers and Book Seller
300 _a151p.
942 _cTEXL
_h891.433, KIC
999 _c1332120
_d1332120